[Event "DFMM der LV 2011"]
[Site "Braunfels"]
[Date "2011.06.17"]
[Round "3.2"]
[White "Pflug, Tanja"]
[Black "Engels, Natia"]
[Result "0-1"]
[WhiteElo "2044"]
[BlackElo "2191"]
[PlyCount "106"]
[EventDate "2011.06.16"]
[EventType "team"]
[EventCountry "GER"]
[WhiteTeam "Sachsen-Anhalt"]
[BlackTeam "Nordrhein-Westfalen 1"]

1. f4 Nf6 2. Nf3 d5 3. g3 c5 4. Bg2 Nc6 5. O-O e6 6. d3 Be7 7. Qe1 d4 8. a4 O-O
9. Na3 Rb8 10. Bd2 b6 11. h3 Bb7 12. g4 Nd5 13. Qg3 a6 14. Nc4 Ba8 15. e4 dxe3
16. Nxe3 Nxe3 17. Bxe3 Bf6 18. Rab1 Nd4 19. Bxd4 Bxd4+ 20. Nxd4 Qxd4+ 21. Qf2
Qxa4 22. Ra1 Qd7 23. Rxa6 Bxg2 24. Qxg2 Qd4+ 25. Kh2 Qxb2 26. Rf2 Qd4 27. f5
exf5 28. Rxf5 g6 29. Rd5 Qf4+ 30. Qg3 Qd2+ 31. Qg2 Qxg2+ 32. Kxg2 Rfe8 33. Kf3
Re1 34. Rd7 h6 35. Kf2 Re6 36. Raa7 Rf6+ 37. Ke3 Re8+ 38. Kd2 Rf2+ 39. Kc3 Ree2
40. Ra8+ Kg7 41. Rdd8 Rxc2+ 42. Kb3 b5 43. Rac8 Rb2+ 44. Ka3 Ra2+ 45. Kb3 Rfb2+
46. Kc3 Rc2+ 47. Kb3 Rab2+ 48. Ka3 Rb1 49. h4 Kf6 50. Rc6+ Ke5 51. d4+ Kf4 52.
dxc5 Rc4 53. h5 Ra4# 0-1

[Event "DFMM der LV 2011"]
[Site "Braunfels"]
[Date "2011.06.17"]
[Round "3.3"]
[White "Zhang, Fan"]
[Black "Woelfer, Wiebke"]
[Result "1/2-1/2"]
[WhiteElo "2088"]
[BlackElo "1767"]
[PlyCount "113"]
[EventDate "2011.06.16"]
[EventType "team"]
[EventCountry "GER"]
[WhiteTeam "Nordrhein-Westfalen 1"]
[BlackTeam "Sachsen-Anhalt"]

1. d4 d5 2. c4 e6 3. Nc3 Nf6 4. Bg5 Be7 5. e3 c6 6. Nf3 Nbd7 7. Qc2 O-O 8. cxd5
Nxd5 9. Bxe7 Qxe7 10. Nxd5 exd5 11. Bd3 h6 12. O-O Nf6 13. a3 Bd7 14. b4 Rfc8
15. Rfc1 a6 16. Rab1 Be6 17. Qc5 Kf8 18. Ne5 Nd7 19. Nxd7+ Bxd7 20. a4 Be6 21.
Qb6 Qc7 22. Qxc7 Rxc7 23. b5 axb5 24. axb5 Ra3 25. bxc6 Rxc6 26. Rxc6 bxc6 27.
Rd1 Rc3 28. Kf1 Ke7 29. Ke2 Kd6 30. Kd2 Ra3 31. Rc1 Ra2+ 32. Rc2 Rxc2+ 33. Kxc2
f5 34. f4 g6 35. Kc3 h5 36. g3 Kc7 37. h3 Kd6 38. Kd2 Ke7 39. Ke2 Kf6 40. Ba6
Bd7 41. Kf3 Be6 42. Bd3 Bc8 43. Be2 Bd7 44. Bd1 Be6 45. Ba4 Bd7 46. Kf2 Ke6 47.
g4 hxg4 48. hxg4 Kd6 49. gxf5 Bxf5 50. Ke2 c5 51. dxc5+ Kxc5 52. Kf3 Kc4 53.
Be8 Kc5 54. Bf7 Kc4 55. Kg3 Kd3 56. Bxd5 Kxe3 57. Bf7 1/2-1/2

[Event "DFMM der LV 2011"]
[Site "Braunfels"]
[Date "2011.06.17"]
[Round "3.4"]
[White "Hartung, Katja"]
[Black "Leveikina, Jevgenija"]
[Result "0-1"]
[WhiteElo "1933"]
[BlackElo "2100"]
[PlyCount "74"]
[EventDate "2011.06.16"]
[EventType "team"]
[EventCountry "GER"]
[WhiteTeam "Sachsen-Anhalt"]
[BlackTeam "Nordrhein-Westfalen 1"]

1. e4 c6 2. d4 d5 3. e5 Bf5 4. Nc3 Qb6 5. a3 e6 6. g4 Bg6 7. Nge2 f6 8. Nf4 Bf7
9. exf6 Nd7 10. fxg7 Bxg7 11. Be3 O-O-O 12. b4 Qc7 13. Be2 e5 14. Nh3 Ne7 15.
Ng5 Bg8 16. Qd2 h6 17. Nh3 Nb6 18. O-O-O Nc4 19. Bxc4 dxc4 20. Ne2 Bd5 21. Rhg1
Bf3 22. Rg3 c3 23. Qd3 Bxe2 24. Qxe2 exd4 25. Bf4 Qd7 26. b5 Nd5 27. Qc4 Rhf8
28. Rf3 Nxf4 29. Rxf4 Qd6 30. Qa4 Rxf4 31. bxc6 Rf7 32. Qxa7 Qxc6 33. Re1 Qa6
34. Qc5+ Rc7 35. Qf5+ Kb8 36. Re6 Qxa3+ 37. Kd1 d3 0-1

[Event "DFMM der LV 2011"]
[Site "Braunfels"]
[Date "2011.06.17"]
[Round "3.5"]
[White "Vogel, Heike"]
[Black "Weiss, Katharina"]
[Result "1/2-1/2"]
[WhiteElo "2122"]
[BlackElo "1764"]
[PlyCount "60"]
[EventDate "2011.06.16"]
[EventType "team"]
[EventCountry "GER"]
[WhiteTeam "Nordrhein-Westfalen 1"]
[BlackTeam "Sachsen-Anhalt"]

1. d4 d5 2. Nf3 Nf6 3. Bf4 Bf5 4. c4 dxc4 5. Qa4+ c6 6. Qxc4 e6 7. Nbd2 Nbd7 8.
h3 Nb6 9. Qb3 Nbd5 10. Bg5 Qb6 11. Qxb6 axb6 12. Bxf6 Nxf6 13. g4 Bg6 14. Bg2
Nd5 15. O-O Nf4 16. Rfe1 Nxg2 17. Kxg2 Bd6 18. a3 c5 19. Rac1 O-O 20. e4 Rfd8
21. h4 h5 22. gxh5 Bxh5 23. e5 Be7 24. Kg3 Rd7 25. Nc4 Ra6 26. dxc5 Rd3 27. Re3
Rxe3 28. Nxe3 bxc5 29. Ng5 Rb6 30. Ne4 Rxb2 1/2-1/2

[Event "DFMM der LV 2011"]
[Site "Braunfels"]
[Date "2011.06.17"]
[Round "3.6"]
[White "Schwebbach, Angelika"]
[Black "Sokalska, Viktorija"]
[Result "0-1"]
[WhiteElo "1855"]
[BlackElo "2018"]
[PlyCount "82"]
[EventDate "2011.06.16"]
[EventType "team"]
[EventCountry "GER"]
[WhiteTeam "Sachsen-Anhalt"]
[BlackTeam "Nordrhein-Westfalen 1"]

1. e4 c6 2. d4 d5 3. exd5 cxd5 4. Bd3 Nc6 5. c3 Nf6 6. Bf4 Bg4 7. f3 Bh5 8. Ne2
e6 9. Qb3 Qd7 10. O-O a6 11. Re1 Bg6 12. Qd1 Bd6 13. Bxd6 Qxd6 14. Bc2 Rc8 15.
a3 O-O 16. Nd2 Nh5 17. Bxg6 hxg6 18. b4 Ne7 19. Rc1 Nf4 20. Nf1 Nf5 21. Qd2
Nxe2+ 22. Rxe2 Qd7 23. Ne3 Nd6 24. Qb2 Rc7 25. Rec2 Rfc8 26. Qb3 Qe7 27. c4
dxc4 28. Nxc4 Nf5 29. Qd3 Qh4 30. g4 Qg5 31. Kh1 Nh4 32. Rf1 Qf4 33. Ne3 Nxf3
34. Rcf2 Qxd4 35. Qe2 Nh4 36. Rf4 Qb6 37. h3 g5 38. R4f2 Ng6 39. Ng2 f6 40. Qe4
Ne5 41. Rd1 Qxf2 0-1

[Event "DFMM der LV 2011"]
[Site "Braunfels"]
[Date "2011.06.17"]
[Round "3.7"]
[White "Hund, Isabel"]
[Black "Domaske, Susann"]
[Result "1-0"]
[WhiteElo "2069"]
[BlackElo "1626"]
[PlyCount "53"]
[EventDate "2011.06.16"]
[EventType "team"]
[EventCountry "GER"]
[WhiteTeam "Nordrhein-Westfalen 1"]
[BlackTeam "Sachsen-Anhalt"]

1. e4 e5 2. Nf3 Nc6 3. Bc4 Bc5 4. O-O Nf6 5. d3 h6 6. Nbd2 a6 7. c3 d6 8. Bb3
Be6 9. Re1 O-O 10. Nf1 Bxb3 11. axb3 Nh7 12. Ng3 Ne7 13. Qc2 Ba7 14. Nh4 Nf6
15. Qe2 Ng6 16. Nhf5 d5 17. Qf3 dxe4 18. dxe4 Nh7 19. Nh5 Ng5 20. Qg4 Nf4 21.
Bxf4 exf4 22. Rad1 Nh3+ 23. gxh3 Qg5 24. Nxf4 g6 25. Ng3 Qc5 26. Rd2 Rad8 27.
Red1 1-0

[Event "DFMM der LV 2011"]
[Site "Braunfels"]
[Date "2011.06.17"]
[Round "3.8"]
[White "Becker, Franziska"]
[Black "Reiter, Brigitte"]
[Result "0-1"]
[WhiteElo "1529"]
[BlackElo "1863"]
[PlyCount "60"]
[EventDate "2011.06.16"]
[EventType "team"]
[EventCountry "GER"]
[WhiteTeam "Sachsen-Anhalt"]
[BlackTeam "Nordrhein-Westfalen 1"]

1. b3 c6 2. Bb2 d5 3. e3 Bf5 4. Nf3 Nd7 5. d4 Ngf6 6. Nbd2 e6 7. Be2 Bd6 8. O-O
h6 9. c4 O-O 10. c5 Bc7 11. Rc1 Ne4 12. Nxe4 Bxe4 13. Bd3 Nf6 14. Nd2 Bxd3 15.
Re1 Bg6 16. Nf3 Bh5 17. h3 Ne4 18. g4 Bg6 19. Kg2 f5 20. Rf1 fxg4 21. hxg4 Ng5
22. Ng1 Qe7 23. f3 Rf7 24. Bc3 Raf8 25. Be1 Nxf3 26. Nxf3 Rxf3 27. Rxf3 Be4 28.
Kg1 Bxf3 29. Qd2 Qg5 30. Bf2 Qxg4+ 0-1

[Event "DFMM der LV 2011"]
[Site "Braunfels"]
[Date "2011.06.17"]
[Round "3.1"]
[White "Rieseler, Caroline"]
[Black "Zilberman, Polina"]
[Result "1/2-1/2"]
[WhiteElo "2080"]
[BlackElo "2145"]
[PlyCount "30"]
[EventDate "2011.06.16"]
[EventType "team"]
[EventCountry "GER"]
[WhiteTeam "Hessen"]
[BlackTeam "Baden"]

1. e4 e6 2. d4 d5 3. Nc3 Nf6 4. e5 Nfd7 5. f4 c5 6. Nf3 Nc6 7. Be3 a6 8. Qd2 b5
9. dxc5 Bxc5 10. Bxc5 Nxc5 11. Bd3 b4 12. Ne2 Bd7 13. O-O g6 14. Kh1 Qe7 15.
Rac1 a5 1/2-1/2

[Event "DFMM der LV 2011"]
[Site "Braunfels"]
[Date "2011.06.17"]
[Round "3.2"]
[White "Vidonyak, Nellya"]
[Black "Ries, Jutta"]
[Result "1/2-1/2"]
[WhiteElo "2166"]
[BlackElo "1987"]
[PlyCount "61"]
[EventDate "2011.06.16"]
[EventType "team"]
[EventCountry "GER"]
[WhiteTeam "Baden"]
[BlackTeam "Hessen"]

1. d4 Nf6 2. Nf3 d5 3. Bf4 Bf5 4. e3 e6 5. Nbd2 Bd6 6. Bg3 c6 7. Be2 h6 8. O-O
Bxg3 9. hxg3 Nbd7 10. c4 O-O 11. b4 dxc4 12. Bxc4 Nb6 13. Be2 Nbd5 14. Qb3 Qb6
15. a3 a5 16. Nc4 Qb5 17. Rfe1 axb4 18. a4 Qa6 19. Nd6 Qb6 20. Ne5 Qc7 21. Nxf5
exf5 22. Bc4 Ra7 23. Rec1 Qd6 24. a5 Rfa8 25. a6 bxa6 26. Bxd5 cxd5 27. Rc6 Qf8
28. Rc5 a5 29. Nc6 Rc7 30. Qa4 Qe8 31. Rac1 1/2-1/2

[Event "DFMM der LV 2011"]
[Site "Braunfels"]
[Date "2011.06.17"]
[Round "3.3"]
[White "Petri, Birgit"]
[Black "Juszczak, Anna"]
[Result "1-0"]
[WhiteElo "2057"]
[BlackElo "2025"]
[PlyCount "73"]
[EventDate "2011.06.16"]
[EventType "team"]
[EventCountry "GER"]
[WhiteTeam "Hessen"]
[BlackTeam "Baden"]

1. e4 e6 2. d4 d5 3. Nd2 Nf6 4. e5 Nfd7 5. f4 c5 6. c3 Nc6 7. Ndf3 cxd4 8. cxd4
Qb6 9. a3 Be7 10. b4 O-O 11. Bd3 f6 12. Bb2 fxe5 13. fxe5 h6 14. Bb1 Rf4 15.
Ne2 Rf7 16. Bg6 Rf8 17. Qd3 a5 18. b5 Nd8 19. Bc1 Nf7 20. Bh7+ Kh8 21. Nf4 Rd8
22. Bg6 Ng5 23. Nxg5 Bxg5 24. Nxd5 Nxe5 25. Nxb6 Nxd3+ 26. Bxd3 Rb8 27. Bxg5
hxg5 28. O-O Bd7 29. Rf7 Bc8 30. Bg6 Kg8 31. Rc1 e5 32. d5 Rd6 33. Nxc8 Rxg6
34. Re7 Kf8 35. Rxe5 Kf7 36. d6 Rh6 37. d7 1-0

[Event "DFMM der LV 2011"]
[Site "Braunfels"]
[Date "2011.06.17"]
[Round "3.4"]
[White "Schneider, Birgit"]
[Black "Zahn, Nicol"]
[Result "1-0"]
[WhiteElo "2033"]
[BlackElo "1943"]
[PlyCount "55"]
[EventDate "2011.06.16"]
[EventType "team"]
[EventCountry "GER"]
[WhiteTeam "Baden"]
[BlackTeam "Hessen"]

1. e4 c5 2. c3 d5 3. exd5 Qxd5 4. d4 Nc6 5. Nf3 e6 6. Bd3 Nf6 7. O-O cxd4 8.
cxd4 Be7 9. Nc3 Qd8 10. Bg5 O-O 11. Rc1 Nb4 12. Bb1 Nbd5 13. Ne5 Bd7 14. Qd3 g6
15. Bh6 Re8 16. Qf3 Nxc3 17. bxc3 Bb5 18. Rfd1 Ba4 19. Re1 b6 20. h4 Bf8 21.
Bg5 Be7 22. h5 Kg7 23. Qf4 Rg8 24. hxg6 hxg6 25. Bh6+ Kh7 26. Bg5 Be8 27. Qh4+
Kg7 28. Qh6# 1-0

[Event "DFMM der LV 2011"]
[Site "Braunfels"]
[Date "2011.06.17"]
[Round "3.5"]
[White "Kierzek, Mira"]
[Black "Vollstaedt-Klein, Sabine"]
[Result "0-1"]
[WhiteElo "2055"]
[BlackElo "1898"]
[PlyCount "170"]
[EventDate "2011.06.16"]
[EventType "team"]
[EventCountry "GER"]
[WhiteTeam "Hessen"]
[BlackTeam "Baden"]

1. d4 f5 2. g3 g6 3. Bg2 Nf6 4. c4 Bg7 5. Nc3 O-O 6. Nf3 c6 7. O-O d6 8. Qc2
Qc7 9. Qb3 Kh8 10. c5 h6 11. cxd6 exd6 12. h3 Re8 13. Qc2 g5 14. e3 Be6 15. b3
Na6 16. Ba3 Qd7 17. Rad1 Nc7 18. Bb2 Ne4 19. Kh2 Re7 20. Ne1 Nxc3 21. Bxc3 Bd5
22. Bb2 Bxg2 23. Nxg2 Rf8 24. Qd2 Nd5 25. Rc1 Rfe8 26. Rfe1 Nf6 27. Rf1 Rf7 28.
Qc2 d5 29. Ne1 Ne4 30. Nd3 Qd6 31. Ne5 Qf6 32. Qe2 Rfe7 33. f4 Re6 34. Rcd1 Kg8
35. Qf3 Nd6 36. Kg2 Qd8 37. Ba1 Rf8 38. Qe2 Nf7 39. Qf3 gxf4 40. exf4 Nd6 41.
Qh5 Ne4 42. Kh2 Rff6 43. Qf3 Qa5 44. Qe2 Qd8 45. Qe1 h5 46. Rd3 Rh6 47. h4 Bf6
48. Re3 Re7 49. Rg1 Rg7 50. Nf3 Rhg6 51. Ng5 Qd6 52. Qe2 Rh6 53. Qf3 Kf8 54.
Rge1 Re7 55. Kg2 Ke8 56. Qe2 Kd8 57. Qd3 Rh8 58. Qe2 Kc8 59. Rc1 Kb8 60. Kh3
Rg7 61. Rg1 Bd8 62. Rc1 Qf6 63. Rd1 Bc7 64. Qf3 Re7 65. b4 Qg7 66. a4 Rhe8 67.
Red3 Ka8 68. b5 cxb5 69. axb5 b6 70. Rc1 Bb8 71. Rc6 Nd6 72. Qxd5 Nb7 73. Ra3
Rd8 74. Qf3 Bd6 75. Rxb6 Bxa3 76. Ra6 Bd6 77. b6 Bb8 78. d5 Qg8 79. Qa3 Nd6 80.
Ne6 Qg4+ 81. Kh2 Qe2+ 82. Kh3 Qf1+ 83. Kh2 Rdd7 84. Nc7+ Rxc7 85. b7+ Rxb7 0-1

[Event "DFMM der LV 2011"]
[Site "Braunfels"]
[Date "2011.06.17"]
[Round "3.6"]
[White "Kohm, Vanessa"]
[Black "Blanke, Manon"]
[Result "1/2-1/2"]
[WhiteElo "1782"]
[BlackElo "1900"]
[PlyCount "44"]
[EventDate "2011.06.16"]
[EventType "team"]
[EventCountry "GER"]
[WhiteTeam "Baden"]
[BlackTeam "Hessen"]

1. d4 d5 2. c4 e6 3. Nc3 Nf6 4. Bg5 Be7 5. Nf3 c6 6. e3 O-O 7. Qc2 Nbd7 8. Bd3
Re8 9. O-O Nf8 10. Rab1 dxc4 11. Bxc4 Nd5 12. Bxe7 Qxe7 13. a3 Ng6 14. Bd3 Nxc3
15. Qxc3 Nf8 16. b4 a6 17. Rfc1 Nd7 18. a4 e5 19. dxe5 Nxe5 20. Nxe5 Qxe5 21.
Qxe5 Rxe5 22. Rd1 Be6 1/2-1/2

[Event "DFMM der LV 2011"]
[Site "Braunfels"]
[Date "2011.06.17"]
[Round "3.7"]
[White "Fischer, Helena"]
[Black "Braun, Viktoria"]
[Result "1-0"]
[WhiteElo "1559"]
[BlackElo "1583"]
[PlyCount "89"]
[EventDate "2011.06.16"]
[EventType "team"]
[EventCountry "GER"]
[WhiteTeam "Hessen"]
[BlackTeam "Baden"]

1. e4 e5 2. Nc3 Nc6 3. Bc4 Bc5 4. d3 d6 5. Nge2 Nf6 6. Bg5 h6 7. Bh4 g5 8. Bg3
Be6 9. h4 Nh7 10. Nd5 Bxd5 11. Bxd5 Qd7 12. Nc3 g4 13. h5 O-O-O 14. Bh4 Rdg8
15. Qd2 Ng5 16. Bb3 Nd4 17. O-O-O Nxb3+ 18. axb3 c6 19. Ne2 f5 20. Ng3 f4 21.
Nf5 Qf7 22. b4 Qa2 23. Qc3 Bd4 24. Nxd4 exd4 25. Qxd4 Kc7 26. e5 Qe6 27. Rhe1
Re8 28. Qxf4 dxe5 29. Qe3 a6 30. Bxg5 hxg5 31. Qxg5 Rhg8 32. Qe3 Qf5 33. h6 Rh8
34. Rh1 Re6 35. Rde1 Rh7 36. Qg3 Qg5+ 37. Kb1 Kd6 38. Rh4 Rhxh6 39. Rxg4 Qd2
40. Rd4+ Kc7 41. Rxe5 Rxe5 42. Qxe5+ Kb6 43. Qc5+ Kc7 44. Qa5+ b6 45. Qe5+ 1-0

[Event "DFMM der LV 2011"]
[Site "Braunfels"]
[Date "2011.06.17"]
[Round "3.8"]
[White "Zilberman, Alexandra"]
[Black "Schirra, Sabine"]
[Result "0-1"]
[WhiteElo "1186"]
[BlackElo "1540"]
[PlyCount "114"]
[EventDate "2011.06.16"]
[EventType "team"]
[EventCountry "GER"]
[WhiteTeam "Baden"]
[BlackTeam "Hessen"]

1. e4 g6 2. d4 Bg7 3. Nf3 c6 4. Be2 d5 5. e5 Bg4 6. Nbd2 e6 7. h3 Bxf3 8. Nxf3
Nd7 9. O-O Rc8 10. b3 Ne7 11. c4 c5 12. Bb2 O-O 13. Rc1 cxd4 14. Bxd4 Nc6 15.
cxd5 exd5 16. Bb5 Re8 17. Bxc6 bxc6 18. Re1 c5 19. e6 fxe6 20. Bxg7 Kxg7 21.
Qd3 Qc7 22. Qc3+ Kg8 23. Re2 e5 24. b4 c4 25. Rce1 d4 26. Nxd4 Qd6 27. Nf3 e4
28. Rxe4 Rxe4 29. Rxe4 Qd1+ 30. Qe1 Qxe1+ 31. Rxe1 c3 32. Rc1 Nb6 33. Kf1 Nc4
34. Ke1 Nb2 35. Nd4 Nd3+ 36. Kd1 Nxc1 37. Kxc1 Kf7 38. Kc2 a6 39. Ne2 Ke6 40.
Nxc3 Ke5 41. Kd3 h6 42. g3 Rd8+ 43. Ke3 g5 44. a3 Rd4 45. Ne2 Rd1 46. f4+ gxf4+
47. gxf4+ Kf5 48. Ng3+ Kg6 49. h4 Ra1 50. f5+ Kf6 51. Ke4 Rxa3 52. Nh5+ Kf7 53.
f6 Ra4 54. Ke5 Rxb4 55. Nf4 a5 56. h5 a4 57. Ng6 Rb5+ 0-1

[Event "DFMM der LV 2011"]
[Site "Braunfels"]
[Date "2011.06.17"]
[Round "3.1"]
[White "Stroessner, Lena"]
[Black "Stenzel, Monika"]
[Result "1-0"]
[WhiteElo "1980"]
[BlackElo "799"]
[PlyCount "75"]
[EventDate "2011.06.16"]
[EventType "team"]
[EventCountry "GER"]
[WhiteTeam "Nordrhein-Westfalen 2"]
[BlackTeam "Saarland"]

1. Nf3 Nc6 2. d4 Nf6 3. Bf4 e6 4. h3 h6 5. e3 Bd6 6. Ne5 Qe7 7. a3 b6 8. c4 Ba6
9. Nc3 g5 10. Bh2 Bb7 11. Qc2 a6 12. O-O-O Na7 13. Rg1 O-O-O 14. Bd3 Rhg8 15.
Kb1 Rdf8 16. Rc1 Nc6 17. Na4 Nxe5 18. dxe5 Bxe5 19. Bxe5 Ne4 20. Bxe4 Bxe4 21.
Qxe4 d6 22. Bg3 Kd7 23. Rgd1 f5 24. Qb7 Ke8 25. Qxa6 Kf7 26. Nxb6 Ra8 27. Nxa8
f4 28. exf4 gxf4 29. Bxf4 Qf6 30. Be3 Qg6+ 31. Ka1 Qxg2 32. Nxc7 Qe4 33. Qxd6
Kg7 34. Nxe6+ Kh8 35. Bd4+ Kh7 36. Nf8+ Rxf8 37. Qxf8 Qg6 38. Qh8# 1-0

[Event "DFMM der LV 2011"]
[Site "Braunfels"]
[Date "2011.06.17"]
[Round "3.2"]
[White "Mueller, Elke"]
[Black "Samorukova, Jana"]
[Result "1/2-1/2"]
[WhiteElo "1970"]
[BlackElo "1830"]
[PlyCount "55"]
[EventDate "2011.06.16"]
[EventType "team"]
[EventCountry "GER"]
[WhiteTeam "Saarland"]
[BlackTeam "Nordrhein-Westfalen 2"]

1. e4 e5 2. Nf3 Nc6 3. Nc3 Nf6 4. d4 exd4 5. Nxd4 Bb4 6. Nxc6 bxc6 7. Bd3 d5 8.
O-O Bxc3 9. bxc3 dxe4 10. Bc4 O-O 11. Ba3 Qxd1 12. Rfxd1 Re8 13. Rab1 Nd7 14.
Ba6 Nb6 15. Bxc8 Raxc8 16. Rd4 Rcd8 17. Rbd1 Rd5 18. Kf1 Red8 19. Bc5 f5 20.
Rb1 R8d7 21. Rxd5 cxd5 22. Be3 Kf7 23. Rb5 Na4 24. Ra5 Nxc3 25. Bd4 Nb1 26. Ke2
c5 27. Bxc5 d4 28. Rxa7 1/2-1/2

[Event "DFMM der LV 2011"]
[Site "Braunfels"]
[Date "2011.06.17"]
[Round "3.3"]
[White "Drose, Daniela"]
[Black "Noll, Sonja"]
[Result "1-0"]
[WhiteElo "1961"]
[BlackElo "1869"]
[PlyCount "119"]
[EventDate "2011.06.16"]
[EventType "team"]
[EventCountry "GER"]
[WhiteTeam "Nordrhein-Westfalen 2"]
[BlackTeam "Saarland"]

1. d4 Nc6 2. c4 e5 3. d5 Nce7 4. Nc3 Ng6 5. e4 Bc5 6. Nf3 d6 7. Be2 N8e7 8. b4
Bb6 9. O-O O-O 10. Na4 f5 11. c5 fxe4 12. Ng5 dxc5 13. bxc5 Ba5 14. d6 cxd6 15.
cxd6 Nf5 16. Qd5+ Kh8 17. Rd1 Nd4 18. Bc4 Qf6 19. Nf7+ Rxf7 20. Qxf7 Bg4 21.
Qxf6 gxf6 22. Rf1 b5 23. Bd5 Rd8 24. Nc5 Bc3 25. Rb1 Rxd6 26. Nxe4 Ne2+ 27. Kh1
Rxd5 28. Nxf6 Bf5 29. Nxd5 Bxb1 30. Nxc3 Nxc3 31. Bb2 Bd3 32. Rc1 Na4 33. Rc8+
Kg7 34. Rc7+ Kf6 35. Bc1 Nf4 36. Rxa7 Be4 37. f3 Bd3 38. Bxf4 exf4 39. Rd7 Bb1
40. a3 Nc5 41. Rd5 Ne6 42. Rxb5 Bc2 43. Ra5 Ke7 44. Kg1 Kd7 45. Kf2 Kc7 46. g4
Kb6 47. Re5 Nd4 48. Re8 Kc7 49. Rf8 Ne6 50. Rf6 Kd7 51. Rf7+ Kc6 52. h4 Bg6 53.
Ra7 Kb6 54. Re7 Nd4 55. Re5 Bc2 56. a4 Bd1 57. Rd5 Bxf3 58. Rxd4 Bxg4 59. Rxf4
h5 60. Rxg4 1-0

[Event "DFMM der LV 2011"]
[Site "Braunfels"]
[Date "2011.06.17"]
[Round "3.4"]
[White "Thewes, Marion"]
[Black "Kaplun, Viktoria"]
[Result "1/2-1/2"]
[WhiteElo "1511"]
[BlackElo "1856"]
[PlyCount "88"]
[EventDate "2011.06.16"]
[EventType "team"]
[EventCountry "GER"]
[WhiteTeam "Saarland"]
[BlackTeam "Nordrhein-Westfalen 2"]

1. e4 c5 2. c4 e6 3. Nc3 Nc6 4. Nf3 a6 5. d3 d6 6. Be3 Nf6 7. Be2 Be7 8. O-O
Qc7 9. h3 b6 10. Qc2 Bb7 11. b3 O-O 12. Rfd1 Rac8 13. d4 cxd4 14. Nxd4 Nxd4 15.
Bxd4 d5 16. exd5 exd5 17. Rac1 dxc4 18. Bxc4 b5 19. Bd3 Qc6 20. f3 Ba3 21. Bf5
Bxc1 22. Bxc8 Be3+ 23. Bxe3 Rxc8 24. Qd3 h6 25. Ne2 Nd5 26. Rc1 Qe6 27. Rxc8+
Qxc8 28. Bd4 Qc7 29. Qf5 Qe7 30. Kf2 Nb4 31. a3 Nd5 32. b4 g6 33. Qe5 Qxe5 34.
Bxe5 Nb6 35. Nc3 Nc4 36. Bf4 Nxa3 37. Bxh6 Nc2 38. Bd2 Kf8 39. Ke2 Ke7 40. Nd1
Bd5 41. Kd3 Na3 42. Ne3 Kd6 43. Kd4 Be6 44. h4 Nc4 1/2-1/2

[Event "DFMM der LV 2011"]
[Site "Braunfels"]
[Date "2011.06.17"]
[Round "3.5"]
[White "Kaehmann, Lisa"]
[Black "Ramm, Madlen"]
[Result "0-1"]
[WhiteElo "1652"]
[BlackElo "1512"]
[PlyCount "86"]
[EventDate "2011.06.16"]
[EventType "team"]
[EventCountry "GER"]
[WhiteTeam "Nordrhein-Westfalen 2"]
[BlackTeam "Saarland"]

1. e4 d5 2. exd5 Qxd5 3. Nc3 Qd6 4. Nf3 Nf6 5. Bc4 c6 6. O-O Bg4 7. h3 Bh5 8.
d4 e6 9. Re1 Bxf3 10. Qxf3 Qxd4 11. Qe2 Qd7 12. Bg5 Be7 13. Rad1 Qc8 14. f4 O-O
15. f5 Bc5+ 16. Kh1 Nd5 17. Ne4 Nd7 18. Nxc5 Nxc5 19. Qf2 b6 20. Bxd5 cxd5 21.
f6 Ne4 22. Rxe4 dxe4 23. Bh6 Qc7 24. Bxg7 Rfd8 25. Rf1 Rd5 26. Qh4 Qe5 27. Rf4
Qg5 28. Qg4 Qg6 29. h4 Rc8 30. h5 Rxh5+ 31. Kg1 Rg5 32. Qe2 Qh5 33. Qxe4 Qd1+
34. Rf1 Qd5 35. Qe2 Qc5+ 36. Rf2 Re5 37. Qg4 Rg5 38. Qf3 Rf5 39. Qg3 Rg5 40.
Qh4 Rd8 41. Bh6 Rg6 42. Qe4 Rd1+ 43. Kh2 Qh5+ 0-1

[Event "DFMM der LV 2011"]
[Site "Braunfels"]
[Date "2011.06.17"]
[Round "3.6"]
[White "Weinmann, Helene"]
[Black "Roitburd, Swetlana"]
[Result "1/2-1/2"]
[WhiteElo "1431"]
[BlackElo "1647"]
[PlyCount "102"]
[EventDate "2011.06.16"]
[EventType "team"]
[EventCountry "GER"]
[WhiteTeam "Saarland"]
[BlackTeam "Nordrhein-Westfalen 2"]

1. d4 d5 2. Nf3 Nf6 3. c3 c6 4. Bf4 Nbd7 5. Nbd2 Nb6 6. e3 Bf5 7. h3 e6 8. Be2
Be7 9. O-O O-O 10. Nh4 Bg6 11. Nxg6 hxg6 12. Bd3 Rc8 13. e4 dxe4 14. Nxe4 Nbd5
15. Nxf6+ Nxf6 16. Re1 c5 17. dxc5 Bxc5 18. Bc2 Qb6 19. Re2 Rfd8 20. Qe1 Nh5
21. Bh2 Rd7 22. Rd1 Rcd8 23. Rxd7 Rxd7 24. Bb3 Re7 25. Qd1 Nf6 26. Qe1 Bd6 27.
Bxd6 Qxd6 28. Rd2 Qc7 29. Qd1 Ne4 30. Rd8+ Kh7 31. Bc2 Nf6 32. Qd6 Qxd6 33.
Rxd6 Rc7 34. Rd4 b5 35. Bd3 a6 36. Rd6 Ra7 37. Rd8 Rc7 38. Kf1 e5 39. f3 Nh5
40. Kf2 Nf4 41. Bf1 Rc5 42. g3 Nd5 43. Bd3 a5 44. Ke2 b4 45. c4 Nb6 46. b3 f6
47. Ke3 Nc8 48. Be4 Ne7 49. Rd7 Nc8 50. Rd5 Rxd5 51. cxd5 Nd6 1/2-1/2

[Event "DFMM der LV 2011"]
[Site "Braunfels"]
[Date "2011.06.17"]
[Round "3.7"]
[White "Koenig, Daniela"]
[Black "Holle, Verena"]
[Result "1-0"]
[WhiteElo "1608"]
[BlackElo "1296"]
[PlyCount "97"]
[EventDate "2011.06.16"]
[EventType "team"]
[EventCountry "GER"]
[WhiteTeam "Nordrhein-Westfalen 2"]
[BlackTeam "Saarland"]

1. e4 e6 2. d4 d5 3. Nc3 Bb4 4. e5 Bxc3+ 5. bxc3 f6 6. f4 f5 7. Nf3 Ne7 8. c4
c5 9. Bd2 b6 10. cxd5 Nxd5 11. c4 Ne7 12. dxc5 bxc5 13. Be3 Qa5+ 14. Qd2 Qxd2+
15. Nxd2 Nd7 16. Nb3 Nc6 17. Nxc5 Nxc5 18. Bxc5 a5 19. Rb1 Nb4 20. a3 Nc6 21.
g3 Rb8 22. Rxb8 Nxb8 23. Bb6 Bb7 24. Rg1 a4 25. c5 Bc6 26. Bc4 Ke7 27. Ke2 Nd7
28. Rd1 Rb8 29. Rd6 Nxb6 30. Rxe6+ Kd7 31. cxb6 Rxb6 32. Ke3 Rb1 33. Rd6+ Kc7
34. Be6 g6 35. Bg8 g5 36. fxg5 Re1+ 37. Kd2 Rxe5 38. Rf6 Be4 39. Bxh7 Rd5+ 40.
Kc3 Rb5 41. Bg8 Rb8 42. Be6 Rh8 43. h4 Rd8 44. Bc4 Rd1 45. g6 Rg1 46. Rf7+ Kd6
47. g7 Kc5 48. g8=Q Rc1+ 49. Kd2 1-0

[Event "DFMM der LV 2011"]
[Site "Braunfels"]
[Date "2011.06.17"]
[Round "3.8"]
[White "Metzler, Janett"]
[Black "Weber, Daniela"]
[Result "0-1"]
[WhiteElo "1079"]
[BlackElo "1368"]
[PlyCount "94"]
[EventDate "2011.06.16"]
[EventType "team"]
[EventCountry "GER"]
[WhiteTeam "Saarland"]
[BlackTeam "Nordrhein-Westfalen 2"]

1. e4 e5 2. Nf3 Nc6 3. Nc3 Bc5 4. Bc4 Nf6 5. d3 d6 6. Ng5 O-O 7. h3 Qe7 8. Qf3
Nd4 9. Qd1 Be6 10. Nxe6 fxe6 11. Bg5 Rf7 12. Qd2 a6 13. O-O-O b5 14. Bxf6 Rxf6
15. Bxe6+ Qxe6 16. Nd5 Rf7 17. Rdf1 c6 18. c3 cxd5 19. cxd4 Bxd4 20. exd5 Qxd5
21. Kb1 Rc8 22. Qe2 Rfc7 23. Rc1 Rxc1+ 24. Rxc1 Rxc1+ 25. Kxc1 Qxa2 26. f4 Qa1+
27. Kd2 Qxb2+ 28. Kd1 Qxe2+ 29. Kxe2 exf4 30. Kd2 a5 31. Kc2 a4 32. Kb1 b4 33.
h4 a3 34. Ka2 h6 35. h5 Kh7 36. Kb3 g6 37. hxg6+ Kxg6 38. g3 fxg3 39. Ka2 g2
40. Kb3 g1=Q 41. Ka4 Qd1+ 42. Kb5 Qxd3+ 43. Ka5 a2 44. Kxb4 Qc3+ 45. Kb5 Qc5+